Novela zákon č. 43/2004 Z. z. o starobnom dôchodkovom sporení platná od roku 2015

Zákon č. 43/2004 Z. z. o starobnom dôchodkovom sporení a o zmene a doplnení niektorých zákonov v znení neskorších predpisov upravuje v IV. časti druhy dôchodkov starobného dôchodkového sporenia, podmienky a formy ich vyplácania.

Salvato in:
Dettagli Bibliografici
Autore principale: Neupauerová, Zuzana
Natura: Capitolo di libro
Lingua:slovacco
Soggetti:
Tags: Aggiungi Tag
Nessun Tag, puoi essere il primo ad aggiungerne!!

MARC

LEADER 00000nla a2200000 4500
001 0183568
005 20240502073136.9
041 0 |a slo 
044 |a SK 
245 1 0 |a Novela zákon č. 43/2004 Z. z. o starobnom dôchodkovom sporení platná od roku 2015  |c Zuzana Neupauerová 
520 |a Zákon č. 43/2004 Z. z. o starobnom dôchodkovom sporení a o zmene a doplnení niektorých zákonov v znení neskorších predpisov upravuje v IV. časti druhy dôchodkov starobného dôchodkového sporenia, podmienky a formy ich vyplácania. 
610 2 0 |a sporenie dôchodkové 
610 2 0 |a dôchodky starobné 
610 2 0 |a politika sociálna 
610 2 0 |a informácie sociálno-ekonomické 
610 2 0 |a dávky dôchodkové 
610 2 0 |a úpravy právne 
610 2 0 |a novelizácia 
100 1 |a Neupauerová, Zuzana